Statistics for 20 Country Tripoints whose closest World Capital is in a 4th country

Click here to take the quiz!

General Stats

  • This quiz has been taken 40 times
  • The average score is 59 of 80

Answer Stats

ANSWER% Correct
Poland
96%
Slovakia
96%
Austria
93%
Austria
93%
Austria
93%
China
93%
China
93%
China
93%
China
93%
India
93%
India
93%
Russia
93%
Russia (W)
93%
Ukraine
93%
Germany
89%
Hungary
89%
Switzerland
89%
Switzerland
89%
Iran
85%
Iran
85%
Iran
85%
Iraq
85%
Iraq
85%
Italy
85%
Budapest
81%
Burma
81%
DR Congo
81%
Mongolia
81%
Nepal (E)
81%
Slovenia
81%
Syria
81%
Tajikistan
81%
Turkey
81%
Turkey
81%
Turkey
81%
Turkmenistan
81%
Uzbekistan
81%
Vaduz
81%
Vaduz
81%
Afghanistan
78%
Afghanistan
78%
Afghanistan
78%
Astana
78%
Azerbaijan
78%
Belarus
78%
Brazil
78%
Pakistan
78%
Thimphu
78%
Thimphu
78%
Latvia
74%
Yerevan
74%
Yerevan
74%
Yerevan
74%
Dushanbe
70%
Vilnius
70%
Zagreb
70%
Colombia
67%
Peru
67%
Zambia
67%
Algeria
63%
Islamabad
63%
Tanzania
63%
Mali
59%
Mali
59%
Mauritania
59%
Mauritania
59%
Quito
59%
Saudi Arabia
56%
Oman
52%
Yemen
52%
Benin
44%
Burkina Faso
44%
Rabat
44%
Senegal
44%
Togo
44%
Bujumbura
41%
Abu Dhabi
37%
Niamey
33%
Bissau
26%
Muscat
19%

Score Distribution

Percentile by Number Answered

Percent of People with Each Score

Your Score History

You have not taken this quiz